Balfour Beatty tops table (Record no. 84121)

MARC details
000 -LEADER
fixed length control field 00930cab a22002295a 4500
001 - CONTROL NUMBER
control field L156692
008 - FIXED-LENGTH DATA ELEMENTS--GENERAL INFORMATION
fixed length control field 120626e20120120xxk 000 0 eng d
035 ## - SYSTEM CONTROL NUMBER
System control number (Sirsi) u156692
041 0# - LANGUAGE CODE
Language code of text/sound track or separate title eng
100 1# - MAIN ENTRY--PERSONAL NAME
Personal name Hayman, Allister
245 00 - TITLE STATEMENT
Title Balfour Beatty tops table
Remainder of title business barometer
260 ## - PUBLICATION, DISTRIBUTION, ETC.
Date of publication, distribution, etc. 2012
490 ## - SERIES STATEMENT
Series statement Building
Volume/sequential designation 277 (8733) 22 June 2012, 18-19(2)
520 ## - SUMMARY, ETC.
Summary, etc. Overview; tables of top contractors including and excluding civils for May 2012; yearly work won including and excluding civils June 2011-May 2012; top architects and top quantity surveyors June 2011-May 2012 using information from Barbour ABI. Also comments on the latest ONS output figures, the CPA/Barbour ABI Index and the Private Housing Index.
590 ## - LOCAL NOTE (RLIN)
Local note KA
651 #4 - SUBJECT ADDED ENTRY--GEOGRAPHIC NAME
Geographic name United Kingdom
Chronological subdivision
690 ## - LOCAL SUBJECT ADDED ENTRY--TOPICAL TERM (OCLC, RLIN)
Topical term or geographic name as entry element Contracts
9 (RLIN) 6232
690 ## - LOCAL SUBJECT ADDED ENTRY--TOPICAL TERM (OCLC, RLIN)
Topical term or geographic name as entry element Construction management
9 (RLIN) 6230
700 1# - ADDED ENTRY--PERSONAL NAME
Personal name Green, Brian
700 1# - ADDED ENTRY--PERSONAL NAME
Personal name Forrest, Kelly
942 ## - ADDED ENTRY ELEMENTS (KOHA)
Suppress in OPAC 0
Holdings
Withdrawn status Lost status Source of classification or shelving scheme Damaged status Not for loan Home library Current library Shelving location Date acquired Total Checkouts Full call number Barcode Date last seen Copy number Price effective from Koha item type
    Dewey Decimal Classification     London London Journal article 26/06/2012   L156692 156692-1001 06/08/2019 1 06/08/2019 Journal article